Inteligencia artificial y administración pública : robots y humanos compartiendo el servicio público
ISBN:
9788490975909
Descripción Física:
173 p.
Idioma:
Catalán
MARC
| LEADER | 00000nam a22000007a 4500 | ||
|---|---|---|---|
| 001 | 25014 | ||
| 003 | Arxiu | ||
| 005 | 20260324180722.0 | ||
| 008 | 211122b spa||||| |||| 00| 0 cat d | ||
| 020 | |a 9788490975909 | ||
| 100 | |9 914 |a Ramió Matas, Carles | ||
| 245 | |a Inteligencia artificial y administración pública : robots y humanos compartiendo el servicio público | ||
| 260 | |a Madrid : |b Los Libros de la Catarata, |c 2019 | ||
| 300 | |a 173 p. | ||
| 650 | 0 | |a Administració pública |x Innovacions tecnològiques |9 11173 | |
| 942 | |c ARXIU |n 1 |2 udc | ||
| 952 | |0 0 |1 0 |2 udc |4 0 |6 BIB334 |7 1 |9 60825 |a Arxiu |b Arxiu |d 2021-11-22 |o Bib-334 |p 25014 |r 2021-11-22 00:00:00 |w 2021-11-22 |y ARXIU | ||
| 999 | |c 80957 |d 80957 | ||